[Event "Gausdal Masters"]
[Site "Gausdal"]
[Date "1996.??.??"]
[Round "9"]
[White "Moberg, Karl Johan"]
[Black "Sokolov, Andrei"]
[Result "1/2-1/2"]
[WhiteElo "2405"]
[BlackElo "2580"]
[PlyCount "24"]
[EventDate "1996.01.??"]
[Source "ChessBase"]

1. e4 e5 2. Nf3 Nc6 3. Nc3 Bc5 4. Nxe5 Nxe5 5. d4 Bd6 6. dxe5 Bxe5 7. Bd3 d6 8. Be3 Nf6 9. Qd2 O-O 10. f3 c6 11. O-O-O Qa5 12. Kb1 Be6 1/2-1/2

[Event "BL2-N 9293"]
[Site "GER"]
[Date "1992.??.??"]
[Round "?"]
[White "Tomczak, Rainer"]
[Black "Romanishin, Oleg M"]
[Result "0-1"]
[WhiteElo "2375"]
[BlackElo "2595"]
[PlyCount "56"]
[EventDate "1992.10.??"]
[Source "www.chesslib.no"]
[SourceDate "2004.05.04"]

1. e4 e5 2. Nf3 Nc6 3. Nc3 Bc5 4. Nxe5 Nxe5 5. d4 Bd6 6. dxe5 Bxe5 7. Bc4 Nf6 8. O-O O-O 9. Bg5 c6 10. Re1 d6 11. Qd2 Re8 12. Nd1 h6 13. Bxf6 Qxf6 14. c3 Bf4 15. Qc2 d5 16. Bd3 Bf5 17. Ne3 Bxe4 18. g3 Bc7 19. Bxe4 Rxe4 20. c4 Qe5 21. cxd5 cxd5 22. Qb3 Rd8 23. Qxb7 Bb6 24. Kg2 Bxe3 25. fxe3 Rb8 26. Qxa7 Rxb2+ 27. Kg1 Qh5 28. Qb8+ Rxb8 0-1

[Event "Portoroz op"]
[Site "Portoroz"]
[Date "1996.??.??"]
[Round "?"]
[White "Golubovic, Boris"]
[Black "Ibragimov, Ildar"]
[Result "1/2-1/2"]
[WhiteElo "2385"]
[BlackElo "2575"]
[PlyCount "111"]
[EventDate "1996.03.??"]
[Source "ChessBase"]

1. e4 e5 2. Nf3 Nc6 3. Nc3 d6 4. d4 Bg4 5. dxe5 dxe5 6. Qxd8+ Rxd8 7. Bb5 Bb4 8. Bxc6+ bxc6 9. Be3 Bxf3 10. gxf3 f5 11. exf5 Ne7 12. Bg5 Rd6 13. Bxe7 Kxe7 14. Rg1 Kf6 15. Rg4 Rb8 16. a3 Bxc3+ 17. bxc3 Rb2 18. Rc1 a5 19. Ke2 Rd7 20. Rc4 Kxf5 21. Rc5 Rb5 22. Rxc6 Rbd5 23. Ke3 g5 24. Rc4 h5 25. h4 gxh4 26. Rxh4 Kg5 27. Rch1 Rh7 28. Re4 Rc5 29. c4 a4 30. Rg1+ Kf5 31. Rh4 Rc6 32. Rgh1 Kg5 33. f4+ exf4+ 34. Rxf4 Re7+ 35. Kf3 Re5 36. Rg1+ Kh6 37. Rd1 Rec5 38. Rdd4 Kg6 39. Ke3 Rf6 40. Rxf6+ Kxf6 41. f3 Rg5 42. c3 Re5+ 43. Kf4 h4 44. Rd5 Re2 45. Rc5 h3 46. Rc6+ Ke7 47. Rxc7+ Kd6 48. Rh7 Kc5 49. Rc7+ Kd6 50. Ra7 h2 51. Rh7 Ra2 52. Ke3 Rxa3 53. Kd4 Ra2 54. c5+ Kc6 55. Kc4 Rb2 56. Rh6+ 1/2-1/2

[Event "Abu Dhabi Masters op"]
[Site "Abu Dhabi"]
[Date "1999.08.24"]
[Round "4"]
[White "Dzhumaev, Marat"]
[Black "Iuldachev, Saidali"]
[Result "1/2-1/2"]
[WhiteElo "2457"]
[BlackElo "2491"]
[PlyCount "37"]
[EventDate "1999.08.21"]
[Source "www.chesslib.no"]
[SourceDate "2004.05.04"]

1. e4 e5 2. Nf3 Nc6 3. Nc3 Bc5 4. Nxe5 Nxe5 5. d4 Bd6 6. dxe5 Bxe5 7. Qd3 Nf6 8. Ne2 c6 9. f4 Bc7 10. Ng3 O-O 11. Be2 Re8 12. Bd2 d5 13. e5 Nd7 14. O-O-O Nc5 15. Qa3 Bb6 16. c4 dxc4 17. Bxc4 Bg4 18. Rde1 Qd4 19. Qc3 1/2-1/2

[Event "SUI-chT"]
[Site "SUI"]
[Date "1996.??.??"]
[Round "6"]
[White "Franzoni, Giancarlo"]
[Black "Miralles, Gilles"]
[Result "1/2-1/2"]
[WhiteElo "2460"]
[BlackElo "2480"]
[PlyCount "193"]
[EventDate "1996.??.??"]
[Source "ChessBase"]

1. e4 e5 2. Nc3 Nc6 3. Nf3 g6 4. Bc4 Bg7 5. a3 d6 6. d3 Be6 7. Be3 Nf6 8. Bxe6 fxe6 9. d4 Ng4 10. d5 exd5 11. Nxd5 Nxe3 12. Nxe3 Qd7 13. O-O O-O 14. c3 Bh6 15. Nd5 Kg7 16. c4 Rf7 17. Nb4 Raf8 18. Nxc6 bxc6 19. Nd2 d5 20. cxd5 cxd5 21. Qe2 d4 22. Qd3 Bxd2 23. Qxd2 c5 24. Rac1 Qb5 25. a4 Qc6 26. Qa5 Rc8 27. b4 Qxe4 28. Rxc5 Rxc5 29. Qxc5 Rd7 30. Qc4 Qd5 31. Qxd5 Rxd5 32. f3 d3 33. Kf2 Rd4 34. Rb1 Kf6 35. Ke1 Ke6 36. Kd2 Kd5 37. a5 Kc6 38. b5+ Kb7 39. b6 axb6 40. Rxb6+ Kc7 41. Rf6 Ra4 42. Kxd3 Rxa5 43. Rf7+ Kd6 44. Rxh7 Ra3+ 45. Ke4 Ra4+ 46. Ke3 Ra3+ 47. Kf2 Ra2+ 48. Kg3 Ke6 49. Rh4 Kf5 50. Re4 Kf6 51. Re1 Kf5 52. Rf1 Ra3 53. Re1 Ra2 54. h4 Rb2 55. Kh3 Rf2 56. Re4 Kf6 57. Ra4 Ke6 58. Ra6+ Kf7 59. Rb6 Re2 60. Rb4 Rf2 61. Rb3 Re2 62. g3 Re1 63. Rb4 Kf6 64. g4 Rh1+ 65. Kg3 Rg1+ 66. Kh2 Rc1 67. Rb6+ Kf7 68. Rb7+ Kf8 69. Kg3 Rg1+ 70. Kh2 Rc1 71. Rb5 Re1 72. Rb4 Rc1 73. Re4 Rc5 74. Kg3 Kf7 75. g5 Ra5 76. Kg4 Rb5 77. h5 gxh5+ 78. Kxh5 Rb3 79. Kg4 Rb5 80. Ra4 Rb3 81. Ra7+ Kg6 82. Ra6+ Kg7 83. Rf6 Rc3 84. Re6 Re3 85. Rb6 Rc3 86. Rb5 Re3 87. Rb4 Rc3 88. Rb5 Re3 89. Rb6 Kf7 90. Rc6 Kg7 91. Rf6 Rc3 92. Re6 Re3 93. Kg3 Re2 94. Kh3 Kf7 95. Rf6+ Kg7 96. Kg3 Rc2 97. Kg4 1/2-1/2

[Event "Velden op"]
[Site "Velden"]
[Date "1996.??.??"]
[Round "7"]
[White "Paehtz, Thomas Sr"]
[Black "Murey, Jacob"]
[Result "1/2-1/2"]
[WhiteElo "2475"]
[BlackElo "2460"]
[PlyCount "24"]
[EventDate "1996.06.??"]
[Source "www.chesslib.no"]
[SourceDate "2004.05.04"]

1. e4 e5 2. Nf3 Nc6 3. Nc3 d6 4. Bc4 Be6 5. Bxe6 fxe6 6. d4 exd4 7. Nxd4 Qd7 8. Be3 Nf6 9. Qe2 Nxd4 10. Bxd4 e5 11. Be3 c6 12. f4 exf4 1/2-1/2

[Event "ARG-ch97"]
[Site "Villa Martelli"]
[Date "1998.08.12"]
[Round "6"]
[White "Gomez Baillo, Jorge H"]
[Black "Ginzburg, Maximiliano"]
[Result "1/2-1/2"]
[WhiteElo "2445"]
[BlackElo "2490"]
[PlyCount "45"]
[EventDate "1998.04.15"]
[Source "www.chesslib.no"]
[SourceDate "2004.05.04"]

1. e4 e5 2. Nf3 Nc6 3. Nc3 d6 4. Bc4 Be7 5. d4 exd4 6. Nxd4 Bd7 7. Nxc6 Bxc6 8. Qh5 g6 9. Qf3 Bf6 10. Nd5 Bxd5 11. Bxd5 c6 12. Bb3 Qe7 13. O-O Bg7 14. Re1 Nf6 15. Bf4 O-O 16. e5 Rae8 17. Re3 dxe5 18. Bxe5 Ne4 19. Rxe4 Bxe5 20. Rae1 Qc7 21. g3 Re7 22. h4 h5 23. Kg2 1/2-1/2

[Event "Nationale I Jeune, Suce sur Erdre"]
[Site "?"]
[Date "1998.??.??"]
[Round "?"]
[White "Emeriau, Boris"]
[Black "Cornanguer, Erwan"]
[Result "1-0"]
[WhiteElo "2500"]
[BlackElo "2430"]
[PlyCount "133"]
[EventDate "1998.??.??"]
[Source "www.chesslib.no"]
[SourceDate "2004.05.04"]

1. e4 e5 2. Nf3 Nc6 3. Nc3 Bc5 4. Nxe5 Nxe5 5. d4 Ng6 6. dxc5 Nf6 7. Bg5 h6 8. Be3 d6 9. cxd6 cxd6 10. Be2 O-O 11. O-O Be6 12. f4 Bd7 13. f5 Ne5 14. Qe1 Nfg4 15. Bf4 Nf6 16. Qg3 Kh8 17. Bxe5 dxe5 18. Qxe5 Re8 19. Qf4 Bc6 20. Bd3 Re7 21. Rf3 Qb6+ 22. Qe3 Qxb2 23. Qe1 Rae8 24. Re3 Qb6 25. Kh1 Ng4 26. Re2 Qc7 27. Qg3 Ne5 28. Nd5 Bxd5 29. exd5 Qd8 30. c4 Nxd3 31. Rxe7 Rxe7 32. Qxd3 Qe8 33. h3 Re1+ 34. Rxe1 Qxe1+ 35. Kh2 Qe8 36. Qb3 b6 37. Qd3 Kg8 38. Kg3 Kf8 39. Kf4 Qe7 40. Qe4 Qxe4+ 41. Kxe4 Ke8 42. Ke5 Ke7 43. g4 f6+ 44. Kd4 Kd6 45. a4 a5 46. h4 Kd7 47. c5 bxc5+ 48. Kxc5 Kc7 49. Kb5 Kd6 50. Kxa5 Kxd5 51. Kb6 Kc4 52. a5 Kb4 53. a6 Kc4 54. a7 Kd4 55. a8=Q Ke3 56. Qg8 Kf3 57. Qxg7 Kg3 58. Qxh6 Kxg4 59. Qxf6 Kf3 60. Qe5 Kf2 61. Qc3 Ke2 62. Kc5 Kf2 63. Kd4 Ke2 64. Ke4 Kd1 65. Qb2 Ke1 66. Ke3 Kd1 67. Qd2# 1-0

[Event "BL2-W 9293"]
[Site "GER"]
[Date "1993.??.??"]
[Round "?"]
[White "Kveinys, Aloyzas"]
[Black "Pieper-Emden, Carsten"]
[Result "1-0"]
[WhiteElo "2555"]
[BlackElo "2375"]
[PlyCount "117"]
[EventDate "1992.10.??"]
[Source "www.chesslib.no"]
[SourceDate "2004.05.04"]

1. e4 e5 2. Nf3 Nc6 3. Nc3 Bc5 4. Nxe5 Nxe5 5. d4 Bd6 6. dxe5 Bxe5 7. Bd3 d6 8. Bd2 Nf6 9. h3 O-O 10. O-O Re8 11. Re1 Bd7 12. Qf3 a6 13. Rad1 b5 14. Bg5 h6 15. Bc1 c5 16. Bf4 b4 17. Bxe5 Rxe5 18. Ne2 Qe7 19. Ng3 d5 20. Qe3 dxe4 21. f4 Re6 22. Bc4 Rb6 23. Nxe4 Nxe4 24. Qxe4 Qxe4 25. Rxe4 Bb5 26. Bd5 Re8 27. Rxe8+ Bxe8 28. Bc4 Kf8 29. Rd8 Rc6 30. Ra8 Rd6 31. Bxa6 Rd1+ 32. Kh2 Ke7 33. Rc8 Rb1 34. b3 Rb2 35. Bd3 Rxa2 36. Rxc5 Ra7 37. Rc4 Rb7 38. Re4+ Kd8 39. Rd4+ Kc7 40. Kg3 Rb8 41. Be4 Bd7 42. Kf2 Be6 43. g4 f6 44. f5 Bf7 45. Ke3 Rb5 46. Kf4 Rb8 47. h4 Rb6 48. g5 hxg5+ 49. hxg5 Be8 50. Rc4+ Kd8 51. Rc5 Bd7 52. Ra5 Rb8 53. Ra7 Ke8 54. g6 Kd8 55. Bd5 Rb5 56. Be6 Bxe6 57. fxe6 Rb6 58. Rxg7 Rxe6 59. Rb7 1-0

[Event "Rubinstein mem"]
[Site "Polanica Zdroj"]
[Date "1972.??.??"]
[Round "9"]
[White "Myagmarsuren, Lhamsuren"]
[Black "Lutikov, Anatoly S"]
[Result "1-0"]
[WhiteElo "2380"]
[BlackElo "2545"]
[PlyCount "105"]
[EventDate "1972.08.??"]
[Source "ChessBase"]

1. e4 Nc6 2. Nc3 e5 3. Nf3 d6 4. d4 Bg4 5. d5 Nb8 6. h3 Bh5 7. Be2 Nd7 8. Be3 Be7 9. Qd3 Ngf6 10. O-O-O c5 11. g4 Bg6 12. Nh4 Rc8 13. Nf5 c4 14. Qd2 Bxf5 15. exf5 Nb6 16. Rdg1 Nfd7 17. g5 Nc5 18. Rg2 a6 19. Rhg1 Nca4 20. f6 Nxc3 21. bxc3 Bf8 22. h4 Na4 23. Bg4 Ra8 24. Qe2 b5 25. Bd4 gxf6 26. f4 Qa5 27. fxe5 dxe5 28. Bxe5 Ba3+ 29. Kd2 fxe5 30. Qxe5+ Kd8 31. Qxh8+ Kc7 32. Qf6 Rd8 33. Qc6+ Kb8 34. Rg3 Bb2 35. d6 Nxc3 36. Ke3 Nd5+ 37. Qxd5 Bc1+ 38. Rxc1 Qa3+ 39. Kf2 Qxc1 40. Qc6 Qxc2+ 41. Kg1 Qc1+ 42. Kh2 Qd2+ 43. Kh3 Qxd6 44. Qxd6+ Rxd6 45. Rf3 b4 46. Rxf7 Rd3+ 47. Rf3 Rd2 48. Bf5 c3 49. Bxh7 Kc7 50. Bf5 c2 51. Bxc2 Rxc2 52. g6 Rc3 53. Rg3 1-0

[Event "Camp. uzbeco"]
[Site "Tashkent UZB"]
[Date "2008.04.29"]
[Round "6"]
[White "Egin, V."]
[Black "Kayumov, S."]
[Result "0-1"]
[WhiteElo "2444"]
[BlackElo "2479"]
[PlyCount "112"]
[EventDate "2008.04.24"]
[Source "www.chesslib.no"]
[SourceDate "2004.05.04"]

1. e4 e5 2. Nf3 Nc6 3. Nc3 Bb4 4. Nd5 Ba5 5. Bc4 d6 6. c3 Nf6 7. d3 h6 8. b4 Bb6 9. a4 a6 10. Nxb6 cxb6 11. O-O O-O 12. Ba3 Re8 13. Re1 Be6 14. b5 Ne7 15. bxa6 bxa6 16. Bxe6 fxe6 17. Qb3 Nc6 18. Reb1 Rb8 19. Qc4 Qc7 20. Qxa6 d5 21. Re1 dxe4 22. dxe4 Na5 23. Qe2 Red8 24. c4 Rbc8 25. Rac1 Nb3 26. Rcd1 Rxd1 27. Qxd1 Qxc4 28. Nxe5 Qxa4 29. Qd6 Re8 30. f3 Qd4+ 31. Qxd4 Nxd4 32. Rb1 Ra8 33. Be7 Ra2 34. Rxb6 Ra1+ 35. Kf2 Ra2+ 36. Ke3 Nc2+ 37. Kd2 Nd4+ 38. Kd3 Ne2 39. g3 Nc1+ 40. Kc3 Rxh2 41. Rb8+ Kh7 42. Bxf6 gxf6 43. Rb7+ Kg8 44. Ng4 Rg2 45. Nxf6+ Kf8 46. g4 Rf2 47. Nd7+ Ke7 48. Ne5+ Kd6 49. Kd4 Rd2+ 50. Ke3 Ra2 51. Nf7+ Kc6 52. Re7 Ra3+ 53. Kf2 Ra2+ 54. Kf1 Nd3 55. Rxe6+ Kc5 56. Ne5 Ra1+ 0-1

[Event "URS-FL"]
[Site "Tallinn"]
[Date "1983.??.??"]
[Round "?"]
[White "Polovodin, Igor A"]
[Black "Malaniuk, Vladimir P"]
[Result "1/2-1/2"]
[WhiteElo "2435"]
[BlackElo "2485"]
[PlyCount "81"]
[EventDate "1983.12.??"]
[Source "ChessBase"]

1. e4 e5 2. Nf3 Nc6 3. Nc3 Bc5 4. Nxe5 Nxe5 5. d4 Bd6 6. dxe5 Bxe5 7. Qd3 Nf6 8. Bd2 O-O 9. O-O-O Re8 10. Re1 c6 11. g3 d5 12. exd5 Bxc3 13. Bxc3 Rxe1+ 14. Bxe1 Nxd5 15. c4 Qe7 16. Qe2 Qxe2 17. Bxe2 Nf6 18. Bc3 Bf5 19. Bxf6 gxf6 20. Rd1 Re8 21. Bf3 Kf8 22. Kd2 Be4 23. Bxe4 Rxe4 24. b3 Re7 25. Re1 Rd7+ 26. Kc3 c5 27. Kc2 b6 28. Rd1 Re7 29. Rd8+ Kg7 30. Kd2 f5 31. f3 Re6 32. Rd7 a5 33. f4 Rh6 34. h4 Rg6 35. Rd3 Re6 36. Rd5 Rg6 37. Rd3 Re6 38. Re3 Rxe3 39. Kxe3 Kg6 40. Kf2 Kh6 41. Kg2 1/2-1/2

[Event "Bucuresti"]
[Site "?"]
[Date "1993.??.??"]
[Round "?"]
[White "Istratescu, A."]
[Black "Hauchard, A."]
[Result "1-0"]
[WhiteElo "2470"]
[BlackElo "2450"]
[PlyCount "77"]
[EventDate "1993.??.??"]
[Source "ChessBase"]
[SourceDate "1993.02.01"]

1. e4 e5 2. Nf3 Nc6 3. Nc3 Bc5 4. Nxe5 Nxe5 5. d4 Bd6 6. dxe5 Bxe5 7. Bd3 Qh4 8. Be3 Nf6 9. g3 Qg4 10. Qxg4 Bxc3+ 11. bxc3 Nxg4 12. Bd4 O-O 13. f3 Nf6 14. e5 Nd5 15. Kf2 d6 16. exd6 cxd6 17. Rab1 Nb6 18. Bxb6 axb6 19. Rxb6 Rxa2 20. Rxd6 Rb2 21. Ra1 g6 22. Ke3 Be6 23. Kd2 Rc8 24. Kc1 Ra2 25. Rxa2 Bxa2 26. Be4 Be6 27. Bxb7 Rxc3 28. Kd2 Ra3 29. Ra6 Rxa6 30. Bxa6 Kf8 31. Ke3 Ke7 32. Kd4 Kd6 33. c3 f6 34. Bd3 Bf7 35. c4 h6 36. c5+ Ke7 37. f4 Be8 38. Kd5 g5 39. Bf5 1-0

[Event "Wch U20"]
[Site "Mamaia"]
[Date "1991.??.??"]
[Round "?"]
[White "Moldovan, Daniel"]
[Black "Mitkov, Nikola"]
[Result "0-1"]
[WhiteElo "2425"]
[BlackElo "2490"]
[PlyCount "115"]
[EventDate "1991.08.??"]
[Source "ChessBase"]

1. e4 e5 2. Nf3 Nc6 3. Nc3 Bc5 4. Nxe5 Nxe5 5. d4 Bd6 6. dxe5 Bxe5 7. Bd2 Nf6 8. Bd3 d5 9. exd5 Nxd5 10. O-O Nxc3 11. Qe1 Qe7 12. Bxc3 Bxc3 13. Qxc3 Be6 14. Qxg7 O-O-O 15. Rfe1 Rhg8 16. Qe5 Qh4 17. g3 Rg5 18. Qe4 Qh6 19. Qe3 Kb8 20. Be4 Rdg8 21. Bg2 Qg7 22. Rad1 h5 23. Rd4 Rg4 24. Red1 Bc8 25. c3 Qf6 26. Qf3 Qe6 27. Rd8 c6 28. Bh3 Rxd8 29. Rxd8 Kc7 30. Rd1 Qxa2 31. Bxg4 Bxg4 32. Qe4 Kb6 33. Qb4+ Kc7 34. Re1 Be6 35. f3 Qd5 36. Qe4 Kc8 37. Kf2 a5 38. Qd4 Qb3 39. Re2 b5 40. Rd2 Kb7 41. Qh4 a4 42. Qb4 Qa2 43. Rd8 Ka6 44. Ra8+ Kb7 45. Rh8 Ka6 46. Rxh5 Qb1 47. Re5 Bc4 48. Ke3 f6 49. Rh5 Qd3+ 50. Kf4 Bf7 51. g4 Qd2+ 52. Kg3 Qe1+ 53. Kg2 Bc4 54. Qc5 Bf1+ 55. Kg1 Be2+ 56. Kg2 Qf1+ 57. Kg3 Qxf3+ 58. Kh4 0-1

[Event "BCF Ch"]
[Site "Norwich ENG"]
[Date "1994.??.??"]
[Round "11"]
[White "Hennigan, Michael"]
[Black "Lodhi, Mahmood"]
[Result "1-0"]
[WhiteElo "2440"]
[BlackElo "2475"]
[PlyCount "89"]
[EventDate "1994.08.??"]
[Source "www.chesslib.no"]
[SourceDate "2004.05.04"]

1. e4 e5 2. Nf3 Nc6 3. Nc3 Bc5 4. Nxe5 Nxe5 5. d4 Bd6 6. dxe5 Bxe5 7. Bd3 Ne7 8. Qh5 Ng6 9. O-O Qh4 10. Qxh4 Nxh4 11. Ne2 Ng6 12. f4 Bd6 13. Be3 b6 14. Nc3 Be7 15. a4 a5 16. Bd4 Bc5 17. Bxc5 bxc5 18. Nb5 Kd8 19. e5 Bb7 20. Rae1 Re8 21. g3 Kc8 22. h4 Ra6 23. Na3 Ra7 24. Nb5 Ra6 25. Na3 Ra7 26. Bb5 Nf8 27. f5 Bd5 28. Bc4 Bxc4 29. Nxc4 Kb7 30. Kg2 Kc6 31. g4 Rb8 32. b3 d5 33. Nd2 Kd7 34. Nf3 Rb4 35. Kg3 Ra6 36. Ng5 Ke8 37. e6 f6 38. Nf3 Ke7 39. Re3 Rd6 40. Rd1 c6 41. Rc3 c4 42. bxc4 Rxc4 43. Rxc4 dxc4 44. Rxd6 Kxd6 45. Nd2 1-0

[Event "Neuchatel op"]
[Site "?"]
[Date "1997.??.??"]
[Round "4"]
[White "Gallagher Joseph G"]
[Black "Hobuss Udo"]
[Result "1-0"]
[WhiteElo "2500"]
[BlackElo "2410"]
[PlyCount "115"]
[EventDate "1997.??.??"]
[Source "www.chesslib.no"]
[SourceDate "2004.05.04"]

1. e4 e5 2. Nc3 Nc6 3. Nf3 g6 4. d4 exd4 5. Nxd4 Bg7 6. Be3 d6 7. Be2 Nf6 8. O-O O-O 9. Qd2 Re8 10. Nxc6 bxc6 11. Bg5 Qe7 12. Bf3 Bb7 13. Rfe1 Rab8 14. Rad1 Qf8 15. b3 h6 16. Bf4 Rbd8 17. Bg3 a6 18. h3 Kh7 19. Na4 c5 20. Nc3 Qh8 21. Re3 Nd7 22. Nd5 Bxd5 23. Qxd5 Re7 24. Qb7 Ne5 25. Be2 Rb8 26. Qd5 a5 27. Qd2 Nc6 28. c3 Ne5 29. Rc1 Qe8 30. Re1 Qh8 31. Kh1 Nd7 32. f4 Nb6 33. Bd1 a4 34. Bc2 axb3 35. axb3 Nd7 36. e5 dxe5 37. f5 Rb6 38. Rd3 Qe8 39. Rd5 Rb8 40. fxg6+ fxg6 41. h4 Kh8 42. h5 Nf8 43. hxg6 Nxg6 44. Rxc5 Nf4 45. Qe3 Bf6 46. Qe4 Qg8 47. Bh2 Rd8 48. Rc6 Rd6 49. Rf1 Bg5 50. Rxc7 Rxc7 51. Qxe5+ Rf6 52. Qxc7 Nd5 53. Qe5 Qe6 54. Rxf6 Qxf6 55. Qxd5 Qf1+ 56. Bg1 Qe1 57. Qd4+ Kg8 58. b4 1-0

[Event "Vinkovci"]
[Site "Vinkovci"]
[Date "1989.??.??"]
[Round "?"]
[White "Palac, Mladen"]
[Black "Klaric, Zlatko"]
[Result "1/2-1/2"]
[WhiteElo "2460"]
[BlackElo "2445"]
[PlyCount "21"]
[EventDate "1989.10.??"]
[Source "ChessBase"]

1. e4 e5 2. Nf3 Nc6 3. Nc3 d6 4. d4 exd4 5. Nxd4 g6 6. Be3 Bg7 7. Qd2 Nf6 8. f3 O-O 9. O-O-O Nxd4 10. Bxd4 Be6 11. h4 1/2-1/2

[Event "XXVII Conca della Presolana"]
[Site "Castione ITA"]
[Date "2007.08.24"]
[Round "2"]
[White "Isonzo, David"]
[Black "Romanishin, Oleg"]
[Result "1/2-1/2"]
[WhiteElo "2356"]
[BlackElo "2546"]
[PlyCount "53"]
[EventDate "2007.08.23"]
[Source "www.chesslib.no"]
[SourceDate "2004.05.04"]

1. e4 e5 2. Nf3 Nc6 3. Nc3 Bc5 4. Nxe5 Nxe5 5. d4 Bd6 6. dxe5 Bxe5 7. f4 Bxc3+ 8. bxc3 Qe7 9. Bd3 d5 10. O-O dxe4 11. Bxe4 Nf6 12. Bf3 O-O 13. Re1 Be6 14. Bxb7 Rad8 15. Qf3 Qc5+ 16. Be3 Qxc3 17. Qc6 Qxc6 18. Bxc6 Bd5 19. Ba4 c6 20. Bc5 Rfe8 21. Be7 Rc8 22. Bxf6 gxf6 23. Bb3 a5 24. Rad1 Rxe1+ 25. Rxe1 a4 26. Bxa4 Bxa2 27. Bb3 1/2-1/2

[Event "Sportland NRW Cup"]
[Site "Senden"]
[Date "2001.10.18"]
[Round "6"]
[White "Koscielski, Janusch"]
[Black "Ibragimov, Ildar"]
[Result "0-1"]
[WhiteElo "2329"]
[BlackElo "2567"]
[PlyCount "128"]
[EventDate "2001.10.13"]
[Source "ChessBase"]
[SourceDate "2001.10.26"]

1. e4 e5 2. Nf3 Nc6 3. Nc3 d6 4. d4 Bg4 5. d5 Nce7 6. h3 Bd7 7. Be3 Nf6 8. Qd2 Ng6 9. Bd3 Be7 10. Ne2 h5 11. c4 h4 12. O-O-O c5 13. Kb1 a6 14. Qc2 b5 15. Ka1 O-O 16. g3 Nxe4 17. Bxe4 f5 18. Nxh4 Bxh4 19. gxh4 fxe4 20. h5 Nf4 21. h6 g6 22. Ng3 Qh4 23. Qxe4 Kh7 24. Rhg1 Rf7 25. Qc2 b4 26. Rc1 Raf8 27. Qd2 Nxh3 28. Rh1 a5 29. Qe1 a4 30. Qd2 Bf5 31. Qd1 Bd7 32. Qd2 b3 33. a3 Kh8 34. Qa5 Qd8 35. Qa6 Bc8 36. Qxa4 Nxf2 37. Rhf1 Ng4 38. Rxf7 Rxf7 39. Bd2 Rf2 40. Ne4 Re2 41. Bg5 Qd7 42. Qxd7 Bxd7 43. Nxd6 e4 44. Nb5 e3 45. Nc3 Rf2 46. Re1 Rf5 47. Be7 Ne5 48. Bxc5 Nxc4 49. Bb4 Kh7 50. d6 g5 51. Ne4 Bc6 52. Nc5 g4 53. Nxb3 Rd5 54. Nc1 g3 55. b3 Nxd6 56. Rxe3 g2 57. Ne2 Nf5 58. Re6 Bb5 59. Ng1 Rd1+ 60. Kb2 Rxg1 61. Bc5 Rd1 62. Rf6 Nd4 63. Rf7+ Kxh6 64. Bf8+ Kh5 0-1

[Event "NRW-Liga II 9394"]
[Site "GER"]
[Date "1994.??.??"]
[Round "?"]
[White "Emms, John M"]
[Black "Pieper-Emden, Carsten"]
[Result "1-0"]
[WhiteElo "2525"]
[BlackElo "2365"]
[PlyCount "97"]
[EventDate "1993.??.??"]
[Source "www.chesslib.no"]
[SourceDate "2004.05.04"]

1. e4 e5 2. Nf3 Nc6 3. Nc3 Bc5 4. Nxe5 Nxe5 5. d4 Bd6 6. dxe5 Bxe5 7. Bd3 d6 8. O-O Nf6 9. Ne2 d5 10. f4 Bd6 11. e5 Bc5+ 12. Kh1 Ng4 13. Qe1 c6 14. b4 Bb6 15. Bd2 g6 16. a4 a6 17. a5 Ba7 18. c3 Nh6 19. Ng3 Qh4 20. Ne4 Qxe1 21. Nd6+ Ke7 22. Bxe1 Bf5 23. Bh4+ Ke6 24. Be2 Bg4 25. Bxg4+ Nxg4 26. Nxb7 Ne3 27. Rf3 Nf5 28. Bf2 Rhb8 29. Nc5+ Bxc5 30. Bxc5 h5 31. g3 Rh8 32. Kg2 Rad8 33. Raf1 Rd7 34. Kf2 d4 35. cxd4 Nxd4 36. Rd3 Nb5 37. Rxd7 Kxd7 38. Rd1+ Ke6 39. Kf3 Rc8 40. h3 Re8 41. Rd3 Rc8 42. Ke4 Rh8 43. g4 hxg4 44. hxg4 Rh4 45. Rd8 Rxg4 46. Re8+ Kd7 47. Re7+ Kc8 48. Kf3 Rh4 49. Rxf7 1-0

[Event "Orel"]
[Site "?"]
[Date "1998.??.??"]
[Round "11"]
[White "Komliakov Viktor"]
[Black "Tevtyuev Sergei"]
[Result "1-0"]
[WhiteElo "2510"]
[BlackElo "2370"]
[PlyCount "41"]
[EventDate "1998.??.??"]
[Source "www.chesslib.no"]
[SourceDate "2004.05.04"]

1. e4 e5 2. Nf3 Nc6 3. Nc3 Bc5 4. Nxe5 Nxe5 5. d4 Bd6 6. dxe5 Bxe5 7. Qd3 d6 8. Bd2 Ne7 9. f4 Bf6 10. O-O-O O-O 11. Be2 Nc6 12. g4 Nb4 13. Qc4 a5 14. Nd5 Nxd5 15. exd5 b5 16. Qe4 Re8 17. Qf3 b4 18. h4 Ba6 19. Bxa6 Rxa6 20. g5 Bd4 21. Qd3 1-0

[Event "Victor Ciocaltea Mem"]
[Site "Bucharest"]
[Date "2003.03.11"]
[Round "8"]
[White "Lemmers, Oscar"]
[Black "Vajda, Albert"]
[Result "1/2-1/2"]
[WhiteElo "2444"]
[BlackElo "2427"]
[PlyCount "92"]
[EventDate "2003.03.04"]
[Source "Roberto Alvarez"]
[SourceDate "2003.03.10"]

1. e4 e5 2. Nf3 Nc6 3. Nc3 d6 4. Bb5 Nge7 5. d4 Bd7 6. O-O Ng6 7. Re1 Be7 8. d5 Nb8 9. Bf1 O-O 10. g3 a5 11. Bg2 Na6 12. Be3 b5 13. a4 b4 14. Nb5 Qb8 15. Nd2 Nc5 16. Bxc5 dxc5 17. Bf1 Rd8 18. Bc4 Nf8 19. Qf3 Be8 20. Rad1 Nd7 21. b3 Nf6 22. Bd3 Bd7 23. Qe2 c6 24. dxc6 Bxc6 25. Nc4 h5 26. f3 h4 27. Ne3 g6 28. Bc4 hxg3 29. hxg3 Kg7 30. Nd5 Nxd5 31. Bxd5 Bxd5 32. Rxd5 Rxd5 33. exd5 Bf6 34. Kg2 Qd8 35. d6 Qd7 36. Rh1 e4 37. Qxe4 Re8 38. Qd3 Bg5 39. Rf1 Rh8 40. g4 Bf4 41. Rh1 Rxh1 42. Kxh1 Qd8 43. d7 Qh4+ 44. Kg2 Qh2+ 45. Kf1 Qh1+ 46. Ke2 Qg2+ 1/2-1/2

[Event "Lloyds Bank op"]
[Site "London"]
[Date "1992.??.??"]
[Round "?"]
[White "Collinson, Adam"]
[Black "Murshed, Niaz"]
[Result "0-1"]
[WhiteElo "2360"]
[BlackElo "2505"]
[PlyCount "82"]
[EventDate "1992.08.??"]
[Source "ChessBase"]

1. e4 e5 2. Nf3 Nc6 3. Nc3 Bb4 4. Nd5 Ba5 5. Bc4 Nf6 6. O-O d6 7. d3 h6 8. c3 Nxd5 9. Bxd5 Ne7 10. Bb3 Ng6 11. d4 O-O 12. h3 Qf6 13. Nh2 Bb6 14. Be3 Be6 15. Bc2 Nf4 16. Ng4 Qg5 17. Qf3 Rad8 18. Rfe1 h5 19. Nh2 Qh6 20. h4 g5 21. hxg5 Qxg5 22. Qg3 f6 23. a4 a5 24. Nf3 Qxg3 25. fxg3 Ng6 26. Nh4 Nxh4 27. gxh4 Kg7 28. Rf1 Bg4 29. Bd1 d5 30. Bxg4 hxg4 31. Rae1 dxe4 32. dxe5 Bxe3+ 33. Rxe3 f5 34. Ree1 Kg6 35. Rd1 c6 36. Rxd8 Rxd8 37. Re1 f4 38. g3 Kf5 39. gxf4 Kxf4 40. e6 Re8 41. Kg2 Rxe6 0-1

[Event "Alushta"]
[Site "Alushta"]
[Date "2000.??.??"]
[Round "3"]
[White "Itkis, Boris"]
[Black "Ragozin, Evgeni"]
[Result "0-1"]
[WhiteElo "2387"]
[BlackElo "2475"]
[PlyCount "32"]
[EventDate "2000.??.??"]
[Source "www.chesslib.no"]
[SourceDate "2004.05.04"]

1. e4 e5 2. Nf3 Nc6 3. Nc3 Bc5 4. Nxe5 Nxe5 5. d4 Bd6 6. dxe5 Bxe5 7. Qd3 Nf6 8. Bd2 O-O 9. O-O-O Re8 10. f3 a5 11. g4 Ra6 12. Qe3 Rb6 13. Na4 Rd6 14. c3 b6 15. f4 Bxf4 16. Qxf4 Rxe4 0-1

[Event "Bled ol (Men)"]
[Site "?"]
[Date "2002.10.31"]
[Round "6"]
[White "De la Riva Aguado Oscar"]
[Black "Estrada Nieto Julian"]
[Result "1-0"]
[WhiteElo "2515"]
[BlackElo "2345"]
[PlyCount "39"]
[EventDate "2002.??.??"]
[Source "www.chesslib.no"]
[SourceDate "2004.05.04"]

1. e4 e5 2. Nf3 Nc6 3. Nc3 Bc5 4. Nxe5 Nxe5 5. d4 Bd6 6. dxe5 Bxe5 7. f4 Bxc3+ 8. bxc3 d6 9. Bd3 Nf6 10. O-O O-O 11. Rb1 Re8 12. e5 Bg4 13. Qe1 Bh5 14. Qg3 Nd7 15. Qh3 g6 16. g4 Nxe5 17. fxe5 Qd7 18. Bf5 gxf5 19. Qxh5 Kh8 20. Bg5 1-0

[Event "Miercurea Ciuc op"]
[Site "Miercurea Ciuc"]
[Date "1998.??.??"]
[Round "6"]
[White "Ardeleanu, Alin"]
[Black "Vajda, Levente"]
[Result "1/2-1/2"]
[WhiteElo "2420"]
[BlackElo "2440"]
[PlyCount "23"]
[EventDate "1998.??.??"]
[Source "www.chesslib.no"]
[SourceDate "2004.05.04"]

1. e4 e5 2. Nf3 Nc6 3. Nc3 Bc5 4. Nxe5 Nxe5 5. d4 Bd6 6. dxe5 Bxe5 7. Qd3 Nf6 8. Bd2 O-O 9. O-O-O Re8 10. Re1 c6 11. f4 Bxc3 12. Bxc3 1/2-1/2